Mechanics of materials /

Shranjeno v:
Bibliografske podrobnosti
Glavni avtor: Beer, Ferdinand P. 1915.
Format: Knjiga
Jezik:English
Izdano: London : McGraw-Hill, 1992.
Izdaja:2nd ed.
Teme:
Oznake: Označite
Brez oznak, prvi označite!
Thư viện lưu trữ: Mạng thư viện Đại học Đà Nẵng
LEADER 01093cam a2200349 i 4500
001 000046092
003 5362
005 20180110103245.0
008 010220b1992 vm 000 eng
020 |a 0071129391 (pbk.) 
040 |a LRCC  |c LRCC  |d LRCC 
041 0 |a eng 
082 1 4 |a 620.112  |b BE-F 
100 1 |a Beer, Ferdinand P.  |q (Ferdinand Pierre),  |d 1915. 
245 1 0 |a Mechanics of materials /  |c Ferdinand P. Beer. 
250 |a 2nd ed. 
260 |a London :  |b McGraw-Hill,  |c 1992. 
300 |a xvii, 736p. :  |b ill. 
630 0 4 |a Materials. 
650 0 4 |a Strength of materials. 
OWN |a DUT 
AVA |a UDN50  |b DUT  |c Book  |d 620.112 BE-F  |e available  |t Error 5001 Not defined in file expand_doc_bib_avail.  |f 1  |g 0  |h N  |i 0  |j SH  |k 1 
999 |a From the UDN01 
AVA |a UDN50  |b DUT  |c Book  |d 620.112 BE-F  |e available  |t Error 5001 Not defined in file expand_doc_bib_avail.  |f 1  |g 0  |h N  |i 0  |j SH  |k 1 
TYP |a Monograph 
TYP |a Printed language 
980 |a Mạng thư viện Đại học Đà Nẵng